|
|
|
|
| LEADER |
01244nam a2200349 a 4500 |
| 001 |
000547113 |
| 003 |
CZ BrMZK |
| 005 |
20070314085033.0 |
| 007 |
ta |
| 008 |
010907s2000 xr e p cze d |
| 015 |
|
|
|a cnb000986019
|
| 020 |
|
|
|a 80-86009-34-3
|
| 035 |
|
|
|a (OCoLC)46963184
|
| 040 |
|
|
|a BOA001
|b cze
|
| 072 |
|
7 |
|a 339.5
|x Zahraniční obchod. Mezinárodní obchod
|2 Konspekt
|9 4
|
| 072 |
|
7 |
|a 37.016
|x Učební osnovy. Vyučovací předměty. Učebnice
|2 Konspekt
|9 22
|
| 080 |
|
|
|a 339.5
|2 MRF
|
| 080 |
|
|
|a 339.54/.56
|2 MRF
|
| 080 |
|
|
|a (075.8)
|2 MRF
|
| 100 |
1 |
|
|a Machková, Hana
|7 jn20010310427
|
| 245 |
1 |
0 |
|a Mezinárodní obchodní operace /
|c H. Machková, E. Černohlávková, M. Rebuffat a kol
|
| 250 |
|
|
|a 2., přeprac. vyd.
|
| 260 |
|
|
|a Praha :
|b HZ,
|c 2000
|
| 300 |
|
|
|a 226 s. :
|b il. ;
|c 21 cm
|
| 650 |
0 |
7 |
|a mezinárodní obchod
|7 ph115283
|2 czenas
|
| 650 |
0 |
7 |
|a obchodní operace
|7 ph123558
|2 czenas
|
| 655 |
|
7 |
|a učebnice vysokých škol
|7 fd133772
|2 czenas
|
| 700 |
1 |
|
|a Černohlávková, Eva,
|d 1936-2016
|7 jn20010310428
|
| 700 |
1 |
|
|a Rebuffat, M.
|7 jn20010310429
|
| 910 |
|
|
|a BOA001
|b 2-1081.963
|
| 990 |
|
|
|a BK
|
| 996 |
6 |
|
|b 2610129011
|c 2-1081.963
|l MZK
|r Sklad / do 1 hodiny
|n 3
|p p.v.
|w 000547113
|u 000010
|a 1
|e BOA001
|j MZK50
|s P
|